• 首页
  • 本馆介绍
  • 公告通知
  • 最新文献
  • 馆藏检索
  • 电子资源
  • 读者导购
  • 参考咨询
  • 我的图书馆
  • 登录
  • 详细信息显示
  • 放入我的书架
  • 预约/预借图书
  • 作者相关作品
  • 分类相关作品
  • 丛书相关作品
  • 出版社相关作品

书目信息

  • 表格格式
  • 工作单格式
  • 卡片格式
题名:
诗品全译
    
 
作者: 钟嵘 著 ;徐达 译注
分册:  
出版信息: 贵阳   贵州人民出版社  1992
页数: 169页
开本: 20cm
丛书名: 中国历代名著全译丛书
单 册:
中图分类: I222.2 , I211
科图分类:
主题词: 诗歌--中国 , 文学--作品集--中国
电子资源:
ISBN: 7-221-03804-X
000 00745oam2 2200277 450
001 1260130284
005 20121023144147.56
010    @a7-221-03804-X@b精装@dCNY12.00
100    @a20110515d1992 em y0chiy0110 ea
101 0  @achi
102    @aCN@b520000
105    @ay r 000gy
200 1  @a诗品全译@Ashi pin quan yi@f(梁)钟嵘著@g徐达译注
205    @a2版
210    @a贵阳@c贵州人民出版社@d1992
215    @a169页@d20cm
225 2  @a中国历代名著全译丛书
461  0 @12001 @a中国历代名著全译丛书
606 0  @a诗歌@y中国
606 0  @a文学@x作品集@x中国
690    @aI222.2@v3
690    @aI211@v4
701  0 @a钟嵘@Azhong rong@4著
702  0 @a徐达@Axu da@4译注
801  0 @aCN@bNLC@c20110520
905    @a10447@dI211@eJY176:2
    
    诗品全译/(梁)钟嵘著/徐达译注.-2版.-贵阳:贵州人民出版社,1992
    169页;20cm.-(中国历代名著全译丛书)
    
    
    ISBN 7-221-03804-X(精装):CNY12.00
    
●
相关链接 在E读中查询图书 在五车中查询图书 在当当中查询图书 在豆瓣中查询图书


正题名:诗品全译     索取号:I211/JY176:2         预约/预借

序号 登录号 条形码 馆藏地/架位号 状态 备注
1 7822914   278229141   学院路分馆/ [索取号:I211/JY176:2] 在馆    
2 7822915   278229150   学院路分馆/ [索取号:I211/JY176:2] 在馆    
3 7822916   278229169   学院路分馆/ [索取号:I211/JY176:2] 在馆    
4 7822917   278229178   学院路分馆/ [索取号:I211/JY176:2] 在馆    
5 7822918   278229187   学院路分馆/ [索取号:I211/JY176:2] 在馆    
6 7822919   278229196   学院路分馆/ [索取号:I211/JY176:2] 在馆    
唐山师范学院图书馆 欢迎您!
大连网信软件有限公司© 版权所有